000 00385nam a22001577a 4500
008 250709b |||||||| |||| 00| 0 eng d
020 _a9789354640834
050 _aQC777
_b.K73
100 _aKreme Kenneth S
245 _aIntroductory Nuclear physics
250 _a3rd
260 _aN.P
_bWiley India Pvt. Ltd.
_c2022
300 _a845p.
650 _aNuclear Physics
942 _cBK
999 _c4192
_d4192